Adivina los años de las elecciones presidenciales de EE. UU. - Estadísticas

Estadísticas generales
  • Esta prueba ha sido intentada 10 veces
  • La puntuación promedio es 13 de 16
Estadísticas de respuestas
Imagen Respuesta % Correcto
1952
100%
1960
100%
1984
100%
2000
100%
2008
100%
2024
100%
1904
89%
1996
89%
1796
78%
1792
67%
1828
67%
1836
67%
1860
67%
1896
67%
1920
67%
1880
56%
No se encontraron pruebas coincidentes
Distribución de puntuación
Porcentaje de gente con cada puntuación
Porcentaje por número respondido
Historial de tus puntuaciones
No has intentado esta prueba.